Mariano Marcos State University

University Library System

Effectiveness of different weed control methods for direct seeded rice (PSB Rc 14) in rainfed lowland (Record no. 9601)

MARC details
000 -LEADER
fixed length control field 00632nam a22001697a 4500
003 - CONTROL NUMBER IDENTIFIER
control field OSt
005 - DATE AND TIME OF LATEST TRANSACTION
control field 20171010095450.0
008 - FIXED-LENGTH DATA ELEMENTS--GENERAL INFORMATION
fixed length control field 120626t xxu||||| |||| 00| 0 eng d
040 ## - CATALOGING SOURCE
Original cataloging agency MMSU
Transcribing agency ULS
100 ## - MAIN ENTRY--PERSONAL NAME
Personal name Galamgam, Nathaniel B.
9 (RLIN) 10745
245 ## - TITLE STATEMENT
Title Effectiveness of different weed control methods for direct seeded rice (PSB Rc 14) in rainfed lowland
Statement of responsibility, etc. Nathaniel B. Galamgam
260 ## - PUBLICATION, DISTRIBUTION, ETC.
Date of publication, distribution, etc. 2008
300 ## - PHYSICAL DESCRIPTION
Extent xv, 71 leaves
Dimensions 28 cm.
500 ## - GENERAL NOTE
General note Thesis (BS Agriculture-Agronomy) -- Mariano Marcos State University-College of Agriculture & Forestry, Batac City
504 ## - BIBLIOGRAPHY, ETC. NOTE
Bibliography, etc. note Bibliography: leaves 47-48
942 ## - ADDED ENTRY ELEMENTS (KOHA)
Source of classification or shelving scheme
Koha item type Thesis/Dissertation
Holdings
Withdrawn status Lost status Source of classification or shelving scheme Damaged status Not for loan Home library Current library Date acquired Total Checkouts Barcode Date last seen Price effective from Koha item type Public note
          REF REF 06/26/2012   3436-Un 10/10/2017 10/10/2017 Thesis/Dissertation Library Use only

© 2023 Mariano Marcos State University. All Rights Reserved.

Powered by Koha